000 00951cam a22002771 4500
001 1315
003 BD-RjUL
005 20211208233320.0
008 131125r1955 nyu 000 0 eng
035 _a(BD-RjUL)1337
040 _aDLC
_cDLC
_dDLC
_dBD-RjU
_beng
041 1 _aengger
082 0 0 _a193.09
_223
_bHOH 1955
100 1 _aHoffding, Harald,
_d1843-1931.
_93890
245 1 2 _aA history of modern philosophy :
_ba sketch of the history of philosophy from the close of the Renaissance to our own day /
_cby Harald Hoffding ; Translated from the German Edition by B. E. Meyer.
250 _aNew Dover ed.
260 _aNew York :
_bDover Publications,
_c1955.
300 _a2 v. ;
_c21 cm.
500 _a" Authorised translation."
504 _aIncludes index.
505 0 _aVol. 1 -- v. 2
650 0 _aPhilosophy, Modern
_xHistory.
_93408
650 0 _aPhilosophy, German
_9221067
700 _aMeyer, B. E. , tr.
_9221075
942 _2ddc
_cBK
999 _c1315
_d1315